<?xml version="1.0" encoding="UTF-8"?>
<record
    xmlns:xsi="http://www.w3.org/2001/XMLSchema-instance"
    xsi:schemaLocation="http://www.loc.gov/MARC21/slim http://www.loc.gov/standards/marcxml/schema/MARC21slim.xsd"
    xmlns="http://www.loc.gov/MARC21/slim">

  <leader>02222nam a22003617a 4500</leader>
  <controlfield tag="005">2011080406576.0</controlfield>
  <controlfield tag="008">090728t        xxu||||| |||| 00| 0 pun d</controlfield>
  <datafield tag="010" ind1=" " ind2=" ">
    <subfield code="a">PUN-6957     B-465065-069</subfield>
  </datafield>
  <datafield tag="020" ind1=" " ind2=" ">
    <subfield code="c">750.00</subfield>
    <subfield code="a">9788179143706</subfield>
  </datafield>
  <datafield tag="035" ind1=" " ind2=" ">
    <subfield code="a">PN-6075       B-465065-069</subfield>
  </datafield>
  <datafield tag="037" ind1=" " ind2=" ">
    <subfield code="b">DBAD / PUB</subfield>
  </datafield>
  <datafield tag="037" ind1=" " ind2=" ">
    <subfield code="b">RBC/Vender</subfield>
  </datafield>
  <datafield tag="040" ind1=" " ind2=" ">
    <subfield code="a">dpl</subfield>
    <subfield code="b">pn</subfield>
  </datafield>
  <datafield tag="082" ind1=" " ind2=" ">
    <subfield code="a">850</subfield>
  </datafield>
  <datafield tag="100" ind1=" " ind2=" ">
    <subfield code="9">24414</subfield>
  </datafield>
  <datafield tag="245" ind1=" " ind2=" ">
    <subfield code="a">&#xA1A;&#xA3F;&#xA71;&#xA1F;&#xA40;&#xA06;&#xA02; &#xA30;&#xA3E;&#xA24;&#xA3E;&#xA02; &#xA15;&#xA3E;&#xA32;&#xA47; &#xA26;&#xA3F;&#xA28;   /</subfield>
    <subfield code="c">&#xA17;&#xA41;&#xA30;&#xA26;&#xA3F;&#xA06;&#xA32; &#xA15;&#xA70;&#xA35;&#xA32; &#xA26;&#xA4D;&#xA35;&#xA3E;&#xA30;&#xA3E; &#xA38;&#xA70;&#xA2A;&#xA3E;&#xA26;&#xA3F;&#xA24;</subfield>
  </datafield>
  <datafield tag="246" ind1=" " ind2=" ">
    <subfield code="a">Chitian raatan kale din</subfield>
    <subfield code="b">ed by Gurdial Kanwal</subfield>
  </datafield>
  <datafield tag="260" ind1=" " ind2=" ">
    <subfield code="a">Chandigarh</subfield>
    <subfield code="b">Tarlochan Publishers</subfield>
    <subfield code="c">2010</subfield>
  </datafield>
  <datafield tag="270" ind1=" " ind2=" ">
    <subfield code="a">3236, Sector-15-D,</subfield>
    <subfield code="b">Chandigarh</subfield>
    <subfield code="k">0172-4613236</subfield>
  </datafield>
  <datafield tag="300" ind1="4" ind2=" ">
    <subfield code="a">384 &#xA38;&#xA2B;&#xA47;</subfield>
    <subfield code="c">22&#xA38;&#xA47;&#xA2E;&#xA40; (&#xA38;&#xA1C;&#xA3F;&#xA32;&#xA71;&#xA26;)</subfield>
  </datafield>
  <datafield tag="600" ind1=" " ind2=" ">
    <subfield code="9">31401</subfield>
  </datafield>
  <datafield tag="650" ind1=" " ind2=" ">
    <subfield code="9">24412</subfield>
  </datafield>
  <datafield tag="650" ind1=" " ind2=" ">
    <subfield code="9">24431</subfield>
  </datafield>
  <datafield tag="700" ind1=" " ind2=" ">
    <subfield code="9">31690</subfield>
  </datafield>
  <datafield tag="942" ind1=" " ind2=" ">
    <subfield code="2">ddc</subfield>
    <subfield code="c">PN</subfield>
    <subfield code="h">850</subfield>
    <subfield code="m">&#xA1A;&#xA3F;&#xA71;&#xA1F;&#xA40;&#xA06;&#xA02;</subfield>
  </datafield>
  <datafield tag="999" ind1=" " ind2=" ">
    <subfield code="c">55232</subfield>
    <subfield code="d">55232</subfield>
  </datafield>
  <datafield tag="952" ind1=" " ind2=" ">
    <subfield code="0">0</subfield>
    <subfield code="1">0</subfield>
    <subfield code="2">ddc</subfield>
    <subfield code="4">0</subfield>
    <subfield code="7">0</subfield>
    <subfield code="8">NFIC</subfield>
    <subfield code="a">DBAD</subfield>
    <subfield code="b">DBAD</subfield>
    <subfield code="d">2011-08-11</subfield>
    <subfield code="e">DBAD/PUB</subfield>
    <subfield code="g">750.00</subfield>
    <subfield code="l">0</subfield>
    <subfield code="o">850 &#xA1A;&#xA3F;&#xA71;&#xA1F;&#xA40;&#xA06;&#xA02;</subfield>
    <subfield code="p">PN-6075</subfield>
    <subfield code="r">2011-08-11 00:00:00</subfield>
    <subfield code="t">1</subfield>
    <subfield code="v">750.00</subfield>
    <subfield code="w">2011-08-11</subfield>
    <subfield code="y">PN</subfield>
  </datafield>
  <datafield tag="952" ind1=" " ind2=" ">
    <subfield code="0">0</subfield>
    <subfield code="1">0</subfield>
    <subfield code="2">ddc</subfield>
    <subfield code="4">0</subfield>
    <subfield code="7">0</subfield>
    <subfield code="8">NFIC</subfield>
    <subfield code="a">L</subfield>
    <subfield code="b">L</subfield>
    <subfield code="d">2012-06-07</subfield>
    <subfield code="e">RBC/7/17.2.12/27797/3.3.12/29.3.12</subfield>
    <subfield code="g">750.00</subfield>
    <subfield code="l">1</subfield>
    <subfield code="m">1</subfield>
    <subfield code="o">850 &#xA1A;&#xA3F;&#xA71;&#xA1F;&#xA40;&#xA06;&#xA02;</subfield>
    <subfield code="p">B-465065</subfield>
    <subfield code="r">2024-08-22 00:00:00</subfield>
    <subfield code="s">2024-07-25</subfield>
    <subfield code="t">1</subfield>
    <subfield code="v">750.00</subfield>
    <subfield code="w">2012-06-07</subfield>
    <subfield code="y">PN</subfield>
  </datafield>
  <datafield tag="952" ind1=" " ind2=" ">
    <subfield code="0">0</subfield>
    <subfield code="1">0</subfield>
    <subfield code="2">ddc</subfield>
    <subfield code="4">0</subfield>
    <subfield code="7">0</subfield>
    <subfield code="8">NFIC</subfield>
    <subfield code="a">M</subfield>
    <subfield code="b">M</subfield>
    <subfield code="d">2012-06-07</subfield>
    <subfield code="e">RBC/7/17.2.12/27797/3.3.12/29.3.12</subfield>
    <subfield code="g">750.00</subfield>
    <subfield code="l">0</subfield>
    <subfield code="o">850 &#xA1A;&#xA3F;&#xA71;&#xA1F;&#xA40;&#xA06;&#xA02;</subfield>
    <subfield code="p">B-465066</subfield>
    <subfield code="r">2012-06-07 00:00:00</subfield>
    <subfield code="t">1</subfield>
    <subfield code="v">750.00</subfield>
    <subfield code="w">2012-06-07</subfield>
    <subfield code="y">PN</subfield>
  </datafield>
  <datafield tag="952" ind1=" " ind2=" ">
    <subfield code="0">0</subfield>
    <subfield code="1">0</subfield>
    <subfield code="2">ddc</subfield>
    <subfield code="4">0</subfield>
    <subfield code="7">0</subfield>
    <subfield code="8">NFIC</subfield>
    <subfield code="a">M</subfield>
    <subfield code="b">M</subfield>
    <subfield code="d">2012-06-07</subfield>
    <subfield code="e">RBC/7/17.2.12/27797/3.3.12/29.3.12</subfield>
    <subfield code="g">750.00</subfield>
    <subfield code="l">0</subfield>
    <subfield code="o">850 &#xA1A;&#xA3F;&#xA71;&#xA1F;&#xA40;&#xA06;&#xA02;</subfield>
    <subfield code="p">B-465067</subfield>
    <subfield code="r">2012-06-07 00:00:00</subfield>
    <subfield code="t">1</subfield>
    <subfield code="v">750.00</subfield>
    <subfield code="w">2012-06-07</subfield>
    <subfield code="y">PN</subfield>
  </datafield>
  <datafield tag="952" ind1=" " ind2=" ">
    <subfield code="0">0</subfield>
    <subfield code="1">0</subfield>
    <subfield code="2">ddc</subfield>
    <subfield code="4">0</subfield>
    <subfield code="7">0</subfield>
    <subfield code="8">NFIC</subfield>
    <subfield code="a">JP</subfield>
    <subfield code="b">JP</subfield>
    <subfield code="d">2012-06-07</subfield>
    <subfield code="e">RBC/7/17.2.12/27797/3.3.12/29.3.12</subfield>
    <subfield code="g">750.00</subfield>
    <subfield code="l">3</subfield>
    <subfield code="o">850 &#xA1A;&#xA3F;&#xA71;&#xA1F;&#xA40;&#xA06;&#xA02;</subfield>
    <subfield code="p">B-465068</subfield>
    <subfield code="r">2016-10-19 00:00:00</subfield>
    <subfield code="s">2016-09-24</subfield>
    <subfield code="t">1</subfield>
    <subfield code="v">750.00</subfield>
    <subfield code="w">2012-06-07</subfield>
    <subfield code="y">PN</subfield>
  </datafield>
  <datafield tag="952" ind1=" " ind2=" ">
    <subfield code="0">0</subfield>
    <subfield code="1">0</subfield>
    <subfield code="2">ddc</subfield>
    <subfield code="4">0</subfield>
    <subfield code="7">0</subfield>
    <subfield code="8">NFIC</subfield>
    <subfield code="a">VP</subfield>
    <subfield code="b">VP</subfield>
    <subfield code="d">2012-06-07</subfield>
    <subfield code="e">RBC/7/17.2.12/27797/3.3.12/29.3.12</subfield>
    <subfield code="g">750.00</subfield>
    <subfield code="l">3</subfield>
    <subfield code="m">1</subfield>
    <subfield code="o">850 &#xA1A;&#xA3F;&#xA71;&#xA1F;&#xA40;&#xA06;&#xA02;</subfield>
    <subfield code="p">B-465069</subfield>
    <subfield code="r">2023-12-13 00:00:00</subfield>
    <subfield code="s">2023-11-30</subfield>
    <subfield code="t">1</subfield>
    <subfield code="v">750.00</subfield>
    <subfield code="w">2012-06-07</subfield>
    <subfield code="y">PN</subfield>
  </datafield>
</record>
